000 00558nmm a2200169Ia 4500
008 251105s9999||||xx |||||||||||||||||und||
020 _a9788476586549
041 _aspa
100 _aBello, Maria Eugenia
245 0 _aEducación y globalización: los discursos educativos en Iberoamérica
264 _a[Madrid, España] :
_bAnthropos,
_c2003
300 _a388 páginas
490 _aAutores, textos y temas. Repensar La Educación Desde La Actualidad
650 _aEducation
856 _uhttps://public.digitaliapublishing.com/a/66514
942 _cCF
999 _c85135
_d85135